... I de Prats de Molló a la Generalitat / Xavier Sanahuja
Descripción Física:
222 p. ; 17 cm
MARC
| LEADER | 00000nam a2200000Ia 4500 | ||
|---|---|---|---|
| 001 | 9253 | ||
| 008 | 160829s9999 xx 000 0 cat d | ||
| 080 | |a H-1-230 | ||
| 100 | |a Sanahuja, Xavier |9 25329 | ||
| 245 | |a ... I de Prats de Molló a la Generalitat / Xavier Sanahuja | ||
| 260 | |a Barcelona : |b (Imp. Industrial), [1932] | ||
| 300 | |a 222 p. ; |c 17 cm | ||
| 650 | |a Nacionalisme |x Catalunya |x 1923/1930 |9 24504 | ||
| 650 | |a Prats de Molló, Fets de, Catalunya, 1926 |9 25330 | ||
| 901 | |a Arxiu | ||
| 942 | |n 1 | ||
| 952 | |0 0 |1 0 |4 0 |6 H1230 |7 1 |9 43562 |a Arxiu |b Arxiu |d 2016-12-01 |l 0 |o H-1-230 |p 9253 |r 2016-12-01 00:00:00 |w 2016-12-01 |y ARXIU | ||
| 999 | |c 46109 |d 46109 | ||